000 01013nam a22003137a 4500
003 CHAP
005 20220817042918.0
008 971013s1975 r 00010 d
010 _a59718
011 _a60690
035 _a64852
040 _cCHAP
082 _a331.26
_bC6 1972-73
110 _aComisión Nacional de los Salarios Mínimos. México
_925798
245 _aMemoria de los trabajos de 1972 y 1973
260 _aMéxico, D. F. :
_bLa Comisión,
_c(1975)
300 _a432 p.
590 _aBATCH-UPD
_b10
_c20130110
_lUCH01
_h1643
590 _aBATCH-UPD
_b10
_c20130410
_lUCH01
_h1033
590 _aBATCH-UPD
_b10
_c20130914
_lUCH01
_h1054
590 _aCONVERSION
_b10
_c20130109
_lUCH01
_h1332
650 1 4 _aCostos y nivel de vida.
_928518
650 1 4 _aMéxico
_xCondiciones económicas.
650 1 4 _aPoblación
_xMéxico.
_989408
650 1 4 _aSalarios mínimos
_xMéxico.
_9101283
901 _aBK
942 _cLIBRO
949 _a331.26 C6 1972-73
_bBC
_cC
_d33724000530747
_eC
_h35707
_i64852
_mD
_si
999 _c59718
_d59718